|
|
|
|
| LEADER |
00000cam a2200000 7i4500 |
| 001 |
0000088167 |
| 005 |
20230125093326.0 |
| 008 |
220324 |
| 020 |
|
|
|a 9781119647133
|
| 041 |
0 |
|
|a English
|
| 090 |
0 |
0 |
|a 659.144
|b GIT
|
| 100 |
0 |
|
|a Gitomer,Jeffrey
|
| 245 |
1 |
0 |
|a Podcast or die :
|b turn podcast principles and promotion into profit
|c Jeffrey Gitomer
|
| 260 |
|
|
|a Hoboken, New Jersey :
|b John Wiley & Sons ,
|c 2020
|
| 300 |
|
|
|a 154 p. :
|b ill. ;
|c 23 cm.
|
| 541 |
|
|
|c Purchased on 2021
|f KPM/JI/132
|h RM68.60
|
| 650 |
|
0 |
|a Internet advertising
|
| 650 |
|
0 |
|a Internet customers
|
| 700 |
0 |
|
|a Title
|
| 999 |
|
|
|a 0001677012
|b Book
|c Adult Collection
|e Perbadanan Perpustakaan Awam Johor
|